Innovationen für das Industriegütermarketing
Salvato in:
| Altri autori: | , , |
|---|---|
| Natura: | Libro |
| Lingua: | tedesco |
| Pubblicazione: |
Stuttgart
Schäffer-Poeschel Verlag
2007
|
| Soggetti: | |
| Tags: |
Nessun Tag, puoi essere il primo ad aggiungerne!!
|
MARC
| LEADER | 00000nam a2200000 4500 | ||
|---|---|---|---|
| 001 | 0121570 | ||
| 005 | 20240109071151.8 | ||
| 020 | |a 978-3-7910-2526-1 | ||
| 041 | 0 | |a ger | |
| 044 | |a DE | ||
| 245 | 1 | 0 | |a Innovationen für das Industriegütermarketing |c herausgegeben von Joachim Büschken, Markus Voeth, Rolf Weiber |
| 264 | 1 | |a Stuttgart |b Schäffer-Poeschel Verlag |c 2007 | |
| 300 | |a xv, 498 s. | ||
| 610 | 2 | 0 | |a marketing |
| 610 | 2 | 0 | |a inovácia |
| 610 | 2 | 0 | |a priemysel |
| 700 | 1 | |a Büschken, Joachim | |
| 700 | 1 | |a Voeth, Markus | |
| 700 | 1 | |a Weiber, Rolf | |